00672nam a2200169Ia 4500020001300000082001200013100002000025245011900045260003000164300002800194650005400222650005700276650002600333650006100359650006400420710001800484 a72865000 aTC.0085 aChaudhari, J.S. 2aA study commercial and economic aspects of tourism and hotel industry at Mahabaleshwar and Panchgani hill stations c1987bShivaji Universityz a260eShivaji University aTourist tradezIndiazMahabaleshwar (Maharashtra) aTourist tradezIndiazMahabaleshwar (Panchgani hill) aWestern ghats (India) aHotewls, taverns etczIndiazMahabaleshwar (Maharashtra) aHotewls, taverns etczIndiazMahabaleshwar (Panchgani hill) aSubba Rao, P.